| 000 | 00665nam a2200193 a 4500 | ||
|---|---|---|---|
| 001 | 000955108 | ||
| 003 | AM-YEHGA | ||
| 005 | 20250618080159.0 | ||
| 008 | 091208s2003 ai a||||||||||||||1|arm|d | ||
| 040 | _aAM-YeHGA | ||
| 041 | 0 | _aarm | |
| 100 | 1 |
_aՆալբանդյան, Վարուժան Կարապետի, _d1929-2010 _99344 |
|
| 245 | 1 | 0 |
_aԽայտաբղետ խոհագրություն : _b(Էսսեներ) / _cՎ.Կ. Նալբանդյան. |
| 260 |
_aԵրևան : _b«Այսօր» ՍՊԸ տպարան, _c2003. |
||
| 300 |
_a112 էջ : _bդիմանկ. ; _c20 սմ. |
||
| 650 | 1 | 4 |
_aՀայ գրականություն _xԷսսե |
| 942 |
_2udc _cBK |
||
| 090 | _c571246 | ||
| 999 |
_c532339 _d532339 |
||